First songs & action rhymes / (Record no. 4406)

MARC details
000 -LEADER
fixed length control field 01159cam a2200325 a 4500
005 - DATE AND TIME OF LATEST TRANSACTION
control field 20240820151924.0
020 ## - INTERNATIONAL STANDARD BOOK NUMBER
International Standard Book Number 0689714726
040 ## - CATALOGING SOURCE
Original cataloging agency DLC
Transcribing agency DLC
Modifying agency DLC
Language of cataloging eng
050 00 - LIBRARY OF CONGRESS CALL NUMBER
Classification number PN6109.97
082 00 - DEWEY DECIMAL CLASSIFICATION NUMBER
Classification number 821.008
100 1# - MAIN ENTRY--PERSONAL NAME
Personal name Wood, Jenny
245 10 - TITLE STATEMENT
Title First songs & action rhymes /
Statement of responsibility, etc. Jenny Wood ; illustrated by Chris McEwan
250 ## - EDITION STATEMENT
Edition statement First Aladdin Books edition
260 ## - PUBLICATION, DISTRIBUTION, ETC.
Place of publication, distribution, etc. New York :
Name of publisher, distributor, etc. Aladdin Books ;
Place of publication, distribution, etc. New York :
Name of publisher, distributor, etc. Maxwell Macmillan International Pub. Group,
Date of publication, distribution, etc. 1991, 1990.
300 ## - PHYSICAL DESCRIPTION
Extent 48 pages :
Other physical details color illustrations ;
Dimensions 28 cm .
505 ## - FORMATTED CONTENTS NOTE
Formatted contents note K <br/>
520 ## - SUMMARY, ETC.
Summary, etc. Gives the complete, authentic lyrics and music to many well-known English and American lullabies, nursery rhymes, and children's songs and poetry.
521 ## - TARGET AUDIENCE NOTE
Target audience note 510 <br/>
Source Lexile estimate <br/>
521 ## - TARGET AUDIENCE NOTE
Target audience note K <br/>
Source Raz-Plus <br/>
650 #0 - SUBJECT ADDED ENTRY--TOPICAL TERM
Topical term or geographic name entry element Children's poetry.
650 #0 - SUBJECT ADDED ENTRY--TOPICAL TERM
Topical term or geographic name entry element Rhyming games
General subdivision Juvenile literature.
650 #0 - SUBJECT ADDED ENTRY--TOPICAL TERM
Topical term or geographic name entry element Lullabies
General subdivision Juvenile literature.
650 #1 - SUBJECT ADDED ENTRY--TOPICAL TERM
Topical term or geographic name entry element Nursery rhymes.
650 #1 - SUBJECT ADDED ENTRY--TOPICAL TERM
Topical term or geographic name entry element Lullabies.
650 #1 - SUBJECT ADDED ENTRY--TOPICAL TERM
Topical term or geographic name entry element Finger play.
700 1# - ADDED ENTRY--PERSONAL NAME
Personal name McEwan, Chris
Relator term illustrator
906 ## - LOCAL DATA ELEMENT F, LDF (RLIN)
a 7
b cbc
c orignew
d 1
e ocip
f 19
g y-gencatlg
942 ## - ADDED ENTRY ELEMENTS (KOHA)
Source of classification or shelving scheme Dewey Decimal Classification
Koha item type Books
Suppress in OPAC No
999 ## -
-- 4406
-- 4406
Holdings
Withdrawn status Lost status Source of classification or shelving scheme Damaged status Not for loan Collection Home library Current library Shelving location Date acquired Total Checkouts Full call number Barcode Date last seen Price effective from Koha item type
    Dewey Decimal Classification     Fiction Footprints International School Library Network Toul Kork Campus Footprints International School Library Network Toul Kork Campus   08/20/2024   WOO 821.008 PN6109.97 FISBK073283 08/20/2024 08/20/2024 Books